عرض عادي
عرض مارك
- ناس، بول
مدخل إسم شخص
001 - رقم الضبط
- حقل الضبط: 59378
003 - معرف رقم الضبط
- حقل الضبط: OSt
005 - تاريخ ووقت أخر عملية
- حقل الضبط: 20170909104441.0
008 - عناصر بيانات ثابتة الطول
- حقل تحكم ثابت الطول: 170909|| aca||aabn | a|a d
040 ## - مصدر الفهرسة
- هيئة الفهرسة الأصلية: OSt
- وكالة الكتابة: OSt
100 ## - مدخل -- أسم شخص
- إسم شخص: ناس، بول
670 ## - بيانات المصدر موجوده
- الاستشهاد بالمصدر: Work cat.: (OSt): ناس، بول, أساسيات أوتوديسك :, 2015.
